01485naa a2200241 a 450000100080000000500110000800800410001910000180006024501180007826000090019652007480020565300130095365300070096665300290097365300140100270000190101670000180103570000170105370000190107070000150108970000170110477301220112111314092021-10-22 2021 bl uuuu u00u1 u #d1 aDORTZBACH, D. aMapeamento e caracteriza????o dos vinhedos da Indica????o Geogr??fica Vales da Uva Goethe.h[electronic resource] c2021 aO objetivo deste trabalho foi o de mapear os vinhedos da Indica????o de Proced??ncia Vales da Uva Goethe e analisar quanto aos aspectos f??sicos de altitude, declividade e orienta????o. Os resultados observados mostram que os vinhedos dos Vales da Uva Goethe representam uma ??rea de 25,63ha distribu??dos em 37 vinhedos, resultando em uma ??rea m??dia de 0,69ha, localizados majoritariamente nos munic??pios de Urussanga e Pedras Grandes. Os vinhedos est??o localizados entre as altitudes de 153 e 289m, em relevo plano a ondulado, sem orienta????o de encosta preferencial no plantio. O mapeamento permitiu localizar os vinhedos e contribui para avalia????o da sua distribui????o no territ??rio, destacando a presen??a de pequenos produtores. aAltitude aIG aIndica????o Proced??ncia aParrerais1 aTRABAQUINI, K.1 aVIEIRA, V. F.1 aSILVA, H. V.1 aTONETTO, E. P.1 aVIEIRA, E.1 aSOUZA, J. M. tIn: CONGRESSO BRASILEIRO DE AGRONOMIA, 32., 2021, Florian??plis, SC. Anais... Bras??lia, DF: CONFABEAB, 2021. p. 1-4.